| 000 | 00000nam 2200000zi 4500 |
| 001 | 9.898656 |
| 003 | CaOODSP |
| 005 | 20240724151004 |
| 006 | m o d f |
| 007 | cr ||||||||||| |
| 008 | 210413t20212019onc ob f00| 0 fre d |
| 020 | |a9780660384344 |
| 040 | |aCaOODSP|bfre|erda|cCaOODSP |
| 043 | |an-cn--- |
| 086 | 1 |aHP40-286/2021F-PDF |
| 245 | 00|aUtilisation du vaccin contre la rougeole, la rubéole et les oreillons (RRO) pour la prise en charge des éclosions d’oreillons au Canada. |
| 250 | |a[Édition de juillet 2021]. |
| 264 | 1|a[Ottawa] : |bAgence de la santé publique du Canada = Public Health Agency of Canada, |c2021. |
| 264 | 4|c©2019 |
| 300 | |a1 ressource en ligne (53 pages) |
| 336 | |atexte|btxt|2rdacontent/fre |
| 337 | |ainformatique|bc|2rdamedia/fre |
| 338 | |aressource en ligne|bcr|2rdacarrier/fre |
| 500 | |aPublié aussi en anglais sous le titre : Use of measles-mumps-rubella (MMR) vaccine for the management of mumps outbreaks in Canada. |
| 500 | |aEn tête du titre : Une déclaration d'un comité consultatif (DCC), Comité consultatif national de l'immunisation (CCNI). |
| 500 | |a« Date de publication : Juillet 2021. » |
| 504 | |aComprend des références bibliographiques (pages 34-40). |
| 650 | 0|aOreillons|xVaccination|zCanada. |
| 710 | 1 |aCanada. |bComité consultatif national de l'immunisation, |eorganisme de publication. |
| 710 | 2 |aAgence de santé publique du Canada, |eorganisme de publication. |
| 775 | 08|tUse of measles-mumps-rubella (MMR) vaccine for the management of mumps outbreaks in Canada.|w(CaOODSP)9.898655 |
| 794 | |tUtilisation du vaccin contre la rougeole, la rubéole et les oreillons (RRO) pour la prise en charge des éclosions d'oreillons au Canada.|b[Édition révisée juillet 2024]|w(CaOODSP)9.937673 |
| 856 | 40|qPDF|s750 Ko|uhttps://publications.gc.ca/collections/collection_2021/aspc-phac/HP40-286-2021-fra.pdf |
| 986 | |a210042 |